Письма графа Алексея Константиновича Толстого. На фр. яз.

RUSMARC
00005533nac2a22003853x 450
001415b78da-a429-48ec-935e-ef2b0083f830
00520250722173136.0
100##$a20250616l1867 k y0rusy50 ca
1010#$afre
$arus
102##$aRU
105##$ay z |||e|
1220#$ad18671231
2001#$aПисьма графа Алексея Константиновича Толстого. На фр. яз.
$j1867
215##$a14 листов
$d26 х 22
251##$cДело
300##$aЗаголовок дела на папке: Письма Толстого Алексея Фредро. На фр. яз.
300##$aЛисты: 1а, 7а, 8а, 9а - литерные; 11 - конверт
300##$aТекст на французском языке
300##$aЧасть текста на русском языке
300##$aВ деле имеются документы без дат
300##$aРукописный текст
330##$aВходит в раздел описи: Письма родственников графа Фредро и частных лиц
461#0$100199c1118b-cf0b-4e28-a441-939e81ff22f9
$12001
$aФредро Феликс Максимилиан (Максимилиан Максимилианович), граф, чиновник особых поручений, статс-секретарь при главном начальнике Собственной его Императорского Величества канцелярии по делам Царства Польского, камер-юнкер, коллежский советник
$1251
$cФонд
$1852
$j695
462#0$1001789e8a9a-7a8f-4d67-8b5c-460132ae2cc8
$12001
$aОпись дел фонда М. М.Фредро за 1754-1872 гг.
$vД. 156
$1251
$cОпись
$1852
$j1
5171#$aПисьма Толстого Алексея Фредро. На фр. яз.
600#1$aТолстой
$bА. К.
$cграф
$gАлексей Константинович
605##$3DITM\AF\0000004166
$aРоссия в лицах
$lколлекция
$2acquisition_prlib
605##$3DITM\AF\0000003834
$aНарод
$lколлекция
$2acquisition_prlib
6101#$aПисьма
686##$a63.3(2)52ю1
$cИстория
$2rubbk
700#1$aТолстой
$bА. К.
$cграф
$gАлексей Константинович
702#1$aФредро
$4660
801#0$aRU
$bGA_RF
801#1$aRU
$bГлавНИВЦ
$c20250616
$2rusmarc
801#2$aRU
$bПБ им. Б.Н. Ельцина
$c20250722
$gRCR
$2rusmarc
852##$aГА РФ
$j156
937##$d197547867
$hГАРФ
035##$aRuPRLIB51079064
856##$uhttp://readingroom.main.prlib.ru/item.aspx?id_node=n197547867&mode=full
Формат отображения